000
00212nam a22000857a 4500
001
1236370
005
20251001164016.0
245
_a
EVDE VE UZAKTA
_c
CHRISTINE NÖSTLINGER
260
_b
GÜNIŞIĞI KİTAPLIĞI YAYINLARI
999
_c
1236370
_d
1236370